Statistics for Највећа језера света

Click here to take the quiz!

General Stats

  • This quiz has been taken 136 times
  • The average score is 6 of 20

Answer Stats

ПовршинаКонтинентЈезеро% Correct
371,000Азија/ ЕвропаКаспијско
86%
31,500АзијаБајкалско
74%
68,870АфрикаВикторијино
65%
58,000Сев. АмерикаМичиген
55%
25,700Сев. АмерикаИри
52%
18,960Сев. АмерикаОнтарио
44%
18,130ЕвропаЛадога
31%
32,600АфрикаТангањика
29%
8,372Јуж. АмерикаТитикака
29%
31,000Сев. АмерикаВелико Медвеђе
22%
82,100Сев. АмерикаГорње
21%
59,600Сев. АмерикаХјурон
18%
29,500АфрикаМалави
18%
9,720ЕвропаОњега
18%
27,000Сев. АмерикаВелико ропско
12%
16,400АзијаБалхашко
8%
24,514Сев. АмерикаВинипег
6%
12,500АнтарктикаВосток
4%
8,264Сев. АмерикаНикарагва
3%
7,850Сев. АмерикаАтабаска
1%

Score Distribution

Percentile by Number Answered

Percent of People with Each Score

Your Score History

You have not taken this quiz